000 00216nam a2200085Ia 4500
008 170620s9999 xx 000 0 und d
100 _aDr. Myneni- S R
245 0 _aSociology - II; Indian Society
260 _bAllahabad Law Agency
260 _c2008
999 _c29358
_d29358